| 000 | 00545nam a22001937a 4500 | ||
|---|---|---|---|
| 003 | OSt | ||
| 005 | 20130503121312.0 | ||
| 008 | 130503s2009 sp ||||| |||| 00| 0 spa d | ||
| 020 | _a9788496642584 | ||
| 040 | _cCDMR | ||
| 100 | 1 |
_93325 _aPorcel, Baltasar |
|
| 245 | 1 | 0 |
_aPorcel periodista _b: sus mejores columnas en La Vanguardia |
| 260 |
_aBarcelona _bLa Vanguardia _c2009 |
||
| 300 | _a181 p. | ||
| 490 | 0 | _aLibros de vanguardia | |
| 600 | 1 |
_93325 _aPorcel, Baltasar _xRecull d'escrits |
|
| 650 | 0 | 4 |
_94 _aPeriodistes catalans |
| 942 |
_2udc _cMON |
||
| 999 |
_c6175 _d6175 |
||